000 00547nam a22001697a 4500
003 OSt
005 20260119155933.0
008 260119b |||||||| |||| 00| 0 eng d
040 _cMRSPTU
041 _aEnglish
100 _aSonia Jindal, Supervisor: Dr. Shaveta Rani
245 _aAn Optimized Feature Extraction Approach for Automatic Face Emotion Detection System
260 _bDepartment of CSE, MRSPTU, Bathinda
_c2018
650 _aComputer Science
856 _uhttp://163.47.215.52:8080/jspui/handle/123456789/260
942 _2ddc
_cTH
_n0
999 _c10686
_d10686